000 00267nam a2200121Ia 4500
008 190216s9999||||xx |||||||||||||| ||und||
100 _aBasheer M M
245 0 _aSameekshanam
260 _bPoorna Pubs Kozhikode
300 _a133
650 _aLekhanam
942 _cBK
999 _c27008
_d27008